Carregant...

Re-covering modernism : pulps, paperbacks, and the prejudice of form /

Dades bibliogràfiques
Autor principal: David M. Earle
Format: Printed Book
Publicat: Farnham, England ; Burlington, VT : Ashgate, c2009.
Matèries:
LEADER 00646cam a2200157 a 4500
020 |a 9780754661542 (alk. paper) 
020 |a 0754661547 (alk. paper) 
082 0 0 |a 809.911 2  |b DAV/R 
100 1 |a David M. Earle.  |9 40902 
245 1 0 |a Re-covering modernism :  |b pulps, paperbacks, and the prejudice of form /  |c David M. Earle. 
260 |a Farnham, England ;  |a Burlington, VT :  |b Ashgate,  |c c2009. 
300 |a vii, 246 p. :  |b ill. ; 
650 0 |a Modernism (Literature)  |9 40903 
942 |c BK 
999 |c 68651  |d 68651 
952 |0 0  |1 0  |4 0  |6 809_911000000000000_2_DAV_R  |7 0  |9 89103  |a SSUS  |b SSUS  |c STACKS  |d 2017-11-15  |g 9051.00  |o 809.911 2 DAV/R  |p 085839  |r 2017-11-15  |w 2017-11-15  |y BK